Birmingham City Trivia - Statistics

General Stats
  • This quiz has been taken 40 times
  • The average score is 9 of 15
Answer Stats
Question Answer % Correct
What is Birmingham City’s nickname? Blues
100%
What is the name of Birmingham City’s stadium? St Andrew's
94%
With which club does Birmingham City contest the Second City Derby? Aston Villa
83%
Who is Birmingham City’s record sale, departing for £25m to Borussia Dortmund in 2020? Jude Bellingham
81%
Who became football’s first £1m player when Birmingham City sold him to Nottingham Forest in 1979? Trevor Francis
69%
Who is the current manager of Birmingham City? Chris Davies
67%
Who is Birmingham City’s record signing, arriving for £15m from Fulham in 2024? Jay Stansfield
61%
In 2024, Birmingham City began contesting the so-called Hollywood Derby against which team, due to their respective American celebrity owners? Wrexham
61%
Who scored the 89th minute winner for Birmingham City as they beat Arsenal 2-1 in the 2011 Carling Cup Final? Obafemi Martins
53%
Which former Birmingham City player returned as manager in 2001 and guided them to promotion to the Premier League in his first season in charge? Steve Bruce
50%
Birmingham City was founded in 1875 under what name? Small Heath Alliance
47%
Which French FIFA World Cup winner played for Birmingham City between 2003 and 2004, earning cult hero status? Christophe Dugarry
39%
Which Englishman is Birmingham City’s record appearance-maker with 551? Gil Merrick
28%
Who is the current captain of Birmingham City? Krystian Bielik
19%
Which Englishman is Birmingham City’s record goalscorer with 267 Joe Bradford
17%
No matching quizzes found
Score Distribution
Percent of People with Each Score
Percentile by Number Answered
Your Score History
You have not taken this quiz